[Event "CAN-ch U16"]
[Site "Quebec"]
[Date "2018.07.03"]
[Round "3.21"]
[White "Lehingrat, Callum"]
[Black "Stroganov, Victor"]
[Result "1/2-1/2"]
[WhiteElo "1953"]
[BlackElo "1297"]
[PlyCount "76"]
[EventDate "2018.07.02"]
[EventType "swiss"]
[EventRounds "7"]
[EventCountry "CAN"]
[SourceTitle "EXT 2022"]
[Source "ChessBase"]
[SourceDate "2021.10.06"]
[SourceVersion "1"]
[SourceVersionDate "2021.10.06"]
[SourceQuality "1"]

1. d4 d5 2. c4 e6 3. Nf3 c5 4. cxd5 exd5 5. g3 Nf6 6. Bg2 Nc6 7. 0-0 Be7 8. Nc3 0-0 9. Qd3 h6 10. Rd1 Nb4 11. Qb1 Be6 12. dxc5 Bxc5 13. a3 Nc6 14. b4 Bb6 15. b5 Ne7 16. Nd4 Rc8 17. Bb2 Qc7 18. e3 Bxd4 19. Rxd4 Nf5 20. Rd1 Qc5 21. Nxd5 Nxd5 22. Bxd5 Bxd5 23. Qxf5 Bb3 24. Qg4 g6 25. Rac1 Qf5 26. Qxf5 gxf5 27. Rxc8 Bxd1 28. Rc7 Bf3 29. Bd4 Rd8 30. Kf1 Rd6 31. Ke1 a6 32. Rc5 Rd5 33. Rc8+ Kh7 34. b6 Ra5 35. Rc3 Rb5 36. Kd2 Rb2+ 37. Rc2 Rxc2+ 38. Kxc2 Kg6 1/2-1/2